| 000 | 00642cam a22002531 4500 | ||
|---|---|---|---|
| 001 | sa 65010547 | ||
| 003 | DLC | ||
| 005 | 20260227112209.0 | ||
| 008 | 740522s1965 pk 000 0 eng | ||
| 010 | _asa 65010547 | ||
| 025 | _aPL480:P-E-844 | ||
| 035 | _a(OCoLC)893414 | ||
| 040 |
_aDLC _cNBuU _dOCoLC _dDLC |
||
| 041 | 0 | _aengara | |
| 042 | _apremarc | ||
| 050 | 0 | 0 |
_aBP135 _b.A9 |
| 100 | 1 | _aAzizullah, Muhammad. | |
| 245 | 1 | 0 | _aGlimpses of the Hadith. |
| 250 | _a[1st ed.] | ||
| 260 |
_aKarachi _c[1965] |
||
| 300 |
_aiii, iii, 122 p. _c25 cm. |
||
| 500 | _aIncludes quotations from the Hadith in Arabic. | ||
| 650 | 0 | _aHadith. | |
| 999 |
_c66825 _d66825 |
||